<?xml version="1.0" encoding="UTF-8"?>
<collection xmlns:xsi="http://www.w3.org/2001/XMLSchema-instance" xsi:schemaLocation="http://www.loc.gov/MARC21/slim http://www.loc.gov/standards/marcxml/schema/MARC21slim.xsd" xmlns="http://www.loc.gov/MARC21/slim">
 <record>
  <leader>00000cam a22000003i 4500</leader>
  <controlfield tag="001">UP-1685594773861985314</controlfield>
  <controlfield tag="003">Buklod</controlfield>
  <controlfield tag="005">20150114123341.0</controlfield>
  <controlfield tag="006">g||| |     ||   ||</controlfield>
  <controlfield tag="007">ta</controlfield>
  <controlfield tag="008">150220s2014    nyu     r    |||| u|eng d</controlfield>
  <datafield tag="020" ind1=" " ind2=" ">
   <subfield code="a">9780521174688 (pbk.)</subfield>
  </datafield>
  <datafield tag="035" ind1=" " ind2=" ">
   <subfield code="a">(iLib)UPBAG-00015921801</subfield>
  </datafield>
  <datafield tag="037" ind1=" " ind2=" ">
   <subfield code="a">BC-65174</subfield>
   <subfield code="b">Academic Book Sales</subfield>
   <subfield code="c">₱ 4,050.00</subfield>
  </datafield>
  <datafield tag="040" ind1=" " ind2=" ">
   <subfield code="a">DLC</subfield>
   <subfield code="d">BAG</subfield>
   <subfield code="e">rda</subfield>
  </datafield>
  <datafield tag="041" ind1="0" ind2=" ">
   <subfield code="a">eng</subfield>
  </datafield>
  <datafield tag="090" ind1=" " ind2=" ">
   <subfield code="a">P 51</subfield>
   <subfield code="b">H49 2014</subfield>
  </datafield>
  <datafield tag="245" ind1="1" ind2="0">
   <subfield code="a">How languages work</subfield>
   <subfield code="b">an introduction to language and linguistics</subfield>
   <subfield code="c">editor, Carol Genetti ; assistant editor, Allison Adelman ; contributors, Alexandra Y. Aikhenvald [and 20 others].</subfield>
  </datafield>
  <datafield tag="264" ind1=" " ind2="1">
   <subfield code="a">New York</subfield>
   <subfield code="b">Cambridge University Press</subfield>
   <subfield code="c">©2014.</subfield>
  </datafield>
  <datafield tag="300" ind1=" " ind2=" ">
   <subfield code="a">xxvi, 647 pages</subfield>
   <subfield code="b">illustrations</subfield>
   <subfield code="c">26 cm.</subfield>
  </datafield>
  <datafield tag="500" ind1=" " ind2=" ">
   <subfield code="a">Includes bibliographical references (pages [627]-633) and index.</subfield>
  </datafield>
  <datafield tag="505" ind1="0" ind2=" ">
   <subfield code="a">Primary chapters : Introduction: language, languages, and linguistics / Carol Genetti -- Phonetics: physical dimensions of speech sounds / Matthew Gordon -- Phonology: organization of speech sounds / Matthew Gordon -- Morphology: what's in a word? / Marianne Mithun -- Word classes: evidence from grammatical behavior / Carol Genetti -- Syntax: words in combination / Carol Genetti -- Semantics: how language makes sense / Michael Israel -- Pragmatics: inference for language / Mira Ariel -- Discourse: language beyond the sentence / Wallace Chafe -- Prosody: the music of language / Wallace Chafe -- Language and the social world / Mary Bucholtz -- Language change: the dynamicity of linguistic systems / Marianne Mithun -- Language contact and areal linguistics / Alexandra Y. Aikhenvald -- First language acquisition / Patricia Clancy -- Second language acquisition / Dorothy Chun and Jan Frodesen.</subfield>
  </datafield>
  <datafield tag="505" ind1="0" ind2=" ">
   <subfield code="a">Language Profiles : Kabardian / Matthew Gordon and Ayla Applebaum -- Goemai / Birgit Hellwig -- Manange / Kristine Hildebrandt -- Finnish / Ritva Laury -- Nuuchahnulth (Nootka) / Toshihide Nakayama -- South Conchucos Quechua / Daniel Hintz -- Tsez / Bernard Comrie -- Bardi / Claire Bowern -- Lowland Chontal / Loretta O'Connor -- Manambu / Alexandra Y. Aikhenvald and Carol Genetti -- Indonesian / Robert Englebretson -- Seneca / Wallace Chafe -- Akkadian / Guy Deutscher.</subfield>
  </datafield>
  <datafield tag="650" ind1=" " ind2="0">
   <subfield code="a">Language and languages</subfield>
   <subfield code="x">Study and teaching.</subfield>
  </datafield>
  <datafield tag="650" ind1=" " ind2="0">
   <subfield code="a">Linguistics</subfield>
   <subfield code="x">Study and teaching.</subfield>
  </datafield>
  <datafield tag="700" ind1="1" ind2=" ">
   <subfield code="a">Genetti, Carol</subfield>
   <subfield code="d">1961-</subfield>
   <subfield code="e">editor.</subfield>
  </datafield>
  <datafield tag="700" ind1="1" ind2=" ">
   <subfield code="a">Adelman, Allison</subfield>
   <subfield code="e">editor.</subfield>
  </datafield>
  <datafield tag="700" ind1="1" ind2=" ">
   <subfield code="a">Aikhenvald, Alexandra Y.</subfield>
   <subfield code="e">contributor.</subfield>
  </datafield>
  <datafield tag="700" ind1="1" ind2=" ">
   <subfield code="a">Ariel, Mira</subfield>
   <subfield code="e">contributor.</subfield>
  </datafield>
  <datafield tag="700" ind1="1" ind2=" ">
   <subfield code="a">Bowern, Claire</subfield>
   <subfield code="e">contributor.</subfield>
  </datafield>
  <datafield tag="700" ind1="1" ind2=" ">
   <subfield code="a">Bucholtz, Mary</subfield>
   <subfield code="e">contributor.</subfield>
  </datafield>
  <datafield tag="700" ind1="1" ind2=" ">
   <subfield code="a">Chafe, Wallace</subfield>
   <subfield code="e">contributor.</subfield>
  </datafield>
  <datafield tag="700" ind1="1" ind2=" ">
   <subfield code="a">Chun, Dorothy</subfield>
   <subfield code="e">contributor.</subfield>
  </datafield>
  <datafield tag="700" ind1="1" ind2=" ">
   <subfield code="a">Clancy, Patricia</subfield>
   <subfield code="e">contributor.</subfield>
  </datafield>
  <datafield tag="700" ind1="1" ind2=" ">
   <subfield code="a">Comrie, Bernard</subfield>
   <subfield code="e">contributor.</subfield>
  </datafield>
  <datafield tag="700" ind1="1" ind2=" ">
   <subfield code="a">Deutscher, Guy</subfield>
   <subfield code="e">contributor.</subfield>
  </datafield>
  <datafield tag="700" ind1="1" ind2=" ">
   <subfield code="a">Englebretson, Robert</subfield>
   <subfield code="e">contributor.</subfield>
  </datafield>
  <datafield tag="700" ind1="1" ind2=" ">
   <subfield code="a">Frodesen, Jan</subfield>
   <subfield code="e">contributor.</subfield>
  </datafield>
  <datafield tag="700" ind1="1" ind2=" ">
   <subfield code="a">Genetti, Carol</subfield>
   <subfield code="e">contributor.</subfield>
  </datafield>
  <datafield tag="700" ind1="1" ind2=" ">
   <subfield code="a">Gordon, Matthew</subfield>
   <subfield code="e">contributor.</subfield>
  </datafield>
  <datafield tag="700" ind1="1" ind2=" ">
   <subfield code="a">Hellwig, Birgit</subfield>
   <subfield code="e">contributor.</subfield>
  </datafield>
  <datafield tag="700" ind1="1" ind2=" ">
   <subfield code="a">Hildebrandt, Kristine</subfield>
   <subfield code="e">contributor.</subfield>
  </datafield>
  <datafield tag="700" ind1="1" ind2=" ">
   <subfield code="a">Hintz, Daniel</subfield>
   <subfield code="e">contributor.</subfield>
  </datafield>
  <datafield tag="700" ind1="1" ind2=" ">
   <subfield code="a">Israel, Michael</subfield>
   <subfield code="e">contributor.</subfield>
  </datafield>
  <datafield tag="700" ind1="1" ind2=" ">
   <subfield code="a">Laury, Ritva</subfield>
   <subfield code="e">contributor.</subfield>
  </datafield>
  <datafield tag="700" ind1="1" ind2=" ">
   <subfield code="a">Mithun, Marianne</subfield>
   <subfield code="e">contributor.</subfield>
  </datafield>
  <datafield tag="700" ind1="1" ind2=" ">
   <subfield code="a">Nakayama, Toshihide</subfield>
   <subfield code="e">contributor.</subfield>
  </datafield>
  <datafield tag="700" ind1="1" ind2=" ">
   <subfield code="a">O'Connor, Loretta</subfield>
   <subfield code="e">contributor.</subfield>
  </datafield>
  <datafield tag="905" ind1=" " ind2=" ">
   <subfield code="a">FO</subfield>
  </datafield>
  <datafield tag="852" ind1="0" ind2=" ">
   <subfield code="a">UPBAG</subfield>
   <subfield code="b">UPBAG-MAIN</subfield>
   <subfield code="h">P 51 H49 2014</subfield>
  </datafield>
  <datafield tag="942" ind1=" " ind2=" ">
   <subfield code="a">Book</subfield>
  </datafield>
 </record>
</collection>
